000 005190000a22001810004500
003 MACL
005 20160317134951.0
008 160317b xxu||||| |||| 00| 0 eng d
040 _aMACL
_cMACL
041 _aHindi
082 _a954
100 _aउपाध्‍याय वासुदेव
_946947
245 _aभारतीय सिक्‍के
260 _bभारतीय भणडार
_aइलाहाबाद
350 _a5
650 _aIndian History
_9227
942 _cHIN
_k954
_2ddc
999 _c23141
_d23141